Statistics for Πόλεις Ευρώπης - Κουίζ χαρτών

Click here to take the quiz!

General Stats

  • This quiz has been taken 166 times
  • The average score is 24 of 36

Answers on the Map

Answers color-coded by a green-red scale on the quiz's map according to % correct below.
 

Answer Stats

Answer% Correct
Λισαβόνα
90%
Μαδρίτη
84%
Μιλάνο
83%
Λονδίνο
81%
Παρίσι
80%
Ρώμη
79%
Ρέικιαβικ
78%
Βαρκελώνη
78%
Δουβλίνο
77%
Άμστερνταμ
77%
Αθήνα
75%
Παλέρμο
74%
Μασσαλία
74%
Βρυξέλλες
71%
Κοπεγχάγη
70%
Σεβίλλη
69%
Στοκχόλμη
69%
Μόσχα
68%
Κίεβο
67%
Εδιμβούργο
66%
Βερολίνο
65%
Άσλο
63%
Χέλσινκι
62%
Αγία Πετρούπολη
62%
Πράγα
61%
Μάντσεστερ
61%
Βουκουρέστι
61%
Βιέννη
61%
Μόναχο
60%
Νεάπολη
57%
Ντίσελντορφ
56%
Γενεύη
56%
Βαρσοβία
55%
Βελιγράδιο
54%
Σεράγεβο
51%
Βουδαπέστη
50%

Score Distribution

Percentile by Number Answered

Percent of People with Each Score

Your Score History

You have not taken this quiz